| 000 | 00966nam0a22002291 4500 | ||
|---|---|---|---|
| 001 | rc\2928971 | ||
| 005 | 20250529230054.0 | ||
| 035 | _a(NLR Aleph) 007078583 | ||
| 090 |
_a6453513 _c6453513 |
||
| 100 | _a20110818g19381961|||y0rusy50 ca | ||
| 101 | 0 | _arus | |
| 102 | _aRU | ||
| 105 | _ay z ||||| | ||
| 200 | 1 |
_aБюллетень сети сейсмических станций СССР _fАН СССР. Совет по сейсмологии при Президиуме АН СССР |
|
| 210 |
_aМосква _cИзд-во АН СССР _d1938-1961 |
||
| 300 | _aВ 1928-1937 гг. выходил на фр. яз. (В ГПБ нет) | ||
| 300 | _aПеречень имеющихся в библиотеке томов, номеров, годов этого издания смотри в каталоге периодических изданий | ||
| 801 | 0 |
_aRU _bNLR _gpsbo |
|
| 801 | 1 |
_aRU _bELAR _2rusmarc |
|
| 852 |
_aNLR _jП7/116 |
||
| 942 | _cBOOK | ||
| 980 | _aNB | ||